La autonoma̕ regional en el marco del desarrollo de los pueblos indios

Detalles Bibliográficos
Autor principal: Durand Alcǹtara, Carlos Humberto
Formato: eBook
Lenguaje:español
Publicado: Ciudad de Mx̌ico: Cm̀ara de Diputados, 2009
Materias:
Acceso en línea:Acceso restringido

MARC

LEADER 00000nam a22000007a 4500
005 20171026154811.0
007 cr|||| ||||
008 171026s2009 mx |||||s|||| 00||0 spa d
020 |a 978-607-401-121-0 
035 |a 20770 
040 |a vLex 
090 |c 7149  |d 7149 
100 1 |a Durand Alcǹtara, Carlos Humberto 
245 1 2 |a La autonoma̕ regional en el marco del desarrollo de los pueblos indios  |h [Recurso electrn̤ico] /  |c Carlos Humberto Durand Alcǹtara  
256 |a Servicio en ln̕ea 
260 |a Ciudad de Mx̌ico:  |b Cm̀ara de Diputados,  |c 2009 
300 |a 1 recurso electrn̤ico 
506 1 |a Disponible solo en los productos indicados  |d vLex Global  |d vLex Global (Academic Edition, excluding Law Schools)  |d vLex Global (U.S. Academic Edition, Law Schools)  |d vLex Global (U.S. Academic Edition, excluding Law Schools)  |d vLex Global (Academic Edition, Law Schools) 
650 0 4 |a Organizacin̤ territorial  |z Mx̌ico 
740 0 |a vLex Libros (Servicio en ln̕ea) 
856 4 0 |u http://vlex.com/source/autonomia-regional-marco-desarrollo-pueblos-indios-20770  |z Acceso restringido 
942 |c BOOK 
999 0 |a Administrative and political divisions